[Event "2nd Mix Bassano 2021"]
[Site "Bassano del Grappa"]
[Date "2021.03.27"]
[Round "8.8"]
[White "Pasini, Nicolo"]
[Black "Shetty, Atulya"]
[Result "0-1"]
[WhiteElo "2220"]
[BlackElo "2447"]
[Annotator "NA"]
[PlyCount "116"]
[EventDate "2021.03.24"]
[EventType "swiss"]
[EventCountry "ITA"]
[SourceTitle "playchess.com"]
[Source "ChessBase"]
[SourceQuality "1"]
[TimeControl "5400+30"]

1. e4 {[%emt 0:00:00]} e6 {[%emt 0:00:00]} 2. d4 {[%emt 0:00:00]} d5 {[%emt 0:00:00]} 3. Bd3 {[%emt 0:00:05]} c5 {[%emt 0:00:17]} 4. exd5 {[%emt 0:00:05]} exd5 {[%emt 0:00:18]} 5. Nf3 {[%emt 0:00:32]} Nf6 {[%emt 0:00:52]} 6. O-O {[%emt 0:00:06]} c4 {[%emt 0:00:45]} 7. Re1+ {[%emt 0:00:06]} Be7 {[%emt 0:00:12]} 8. Bf1 {[%emt 0:00:05]} O-O {[%emt 0:00:20]} 9. b3 {[%emt 0:00:03]} cxb3 {[%emt 0:00:37]} 10. axb3 {[%emt 0:00:05]} Nc6 {[%emt 0:00:52]} 11. Na3 {[%emt 0:00:26]} Bg4 {[%emt 0:03:29]} 12. Bb2 {[%emt 0:01:13]} a6 {[%emt 0:04:18]} 13. h3 {[%emt 0:05:36]} Bh5 {[%emt 0:01:07]} 14. g4 {[%emt 0:01:23]} Bg6 {[%emt 0:00:21]} 15. Ne5 {[%emt 0:00:08]} Rc8 {[%emt 0:02:33]} 16. Nxg6 {[%emt 0:02:10]} hxg6 {[%emt 0:01:12]} 17. Bg2 {[%emt 0:00:11]} Bd6 {[%emt 0:03:27]} 18. Nb1 {[%emt 0:07:31]} Ne7 {[%emt 0:06:29]} 19. Qd3 {[%emt 0:09:12]} Bb8 {[%emt 0:10:40]} 20. Ba3 {[%emt 0:02:56]} Re8 {[%emt 0:03:03]} 21. Nd2 {[%emt 0:04:17]} Nc6 {[%emt 0:11:12]} 22. Rxe8+ {[%emt 0:02:14]} Qxe8 {[%emt 0:01:53]} 23. Kf1 {[%emt 0:02:19]} Nxd4 {[%emt 0:04:24]} 24. Re1 {[%emt 0:07:08]} Ne6 {[%emt 0:01:12]} 25. Bb2 {[%emt 0:20:01]} Qd8 {[%emt 0:17:36]} 26. Bxf6 {[%emt 0:00:16]} Qxf6 {[%emt 0:03:46]} 27. Bxd5 {[%emt 0:04:17]} Nf4 {[%emt 0:02:04]} 28. Qe4 {[%emt 0:01:02]} Qh4 {[%emt 0:05:30]} 29. Re3 {[%emt 0:00:50]} Nxd5 {[%emt 0:00:40]} 30. Qxd5 {[%emt 0:00:37]} Bf4 {[%emt 0:00:44]} 31. Rd3 {[%emt 0:09:40]} Bxd2 {[%emt 0:00:38]} 32. Rxd2 {[%emt 0:00:07]} Qxh3+ {[%emt 0:00:15]} 33. Qg2 {[%emt 0:00:07]} Qc3 {[%emt 0:02:58]} 34. Qxb7 {[%emt 0:01:23]} Re8 {[%emt 0:00:06]} 35. Rd3 {[%emt 0:02:37]} Qxc2 {[%emt 0:00:46]} 36. Rf3 {[%emt 0:01:43]} Rf8 {[%emt 0:01:21]} 37. Qxa6 {[%emt 0:00:38]} Qe4 {[%emt 0:01:11]} 38. Rg3 {[%emt 0:01:48]} Ra8 {[%emt 0:01:21]} 39. Qxa8+ {[%emt 0:03:41]} Qxa8 {[%emt 0:00:07]} 40. g5 {[%emt 0:00:12]} Qd5 {[%emt 0:00:35]} 41. Kg1 {[%emt 0:00:10]} Kf8 {[%emt 0:00:22]} 42. Kh2 {[%emt 0:00:13]} Ke7 {[%emt 0:01:01]} 43. Re3+ {[%emt 0:00:35]} Kd6 {[%emt 0:00:09]} 44. Rg3 {[%emt 0:00:05]} Ke5 {[%emt 0:00:23]} 45. Kg1 {[%emt 0:00:11]} Kf4 {[%emt 0:01:25]} 46. Kf1 {[%emt 0:00:57]} f5 {[%emt 0:01:12]} 47. gxf6 {[%emt 0:00:25]} gxf6 {[%emt 0:00:07]} 48. Kg1 {[%emt 0:00:25]} g5 {[%emt 0:00:17]} 49. Kh2 {[%emt 0:00:12]} Qd2 {[%emt 0:00:51]} 50. Kg2 {[%emt 0:00:06]} g4 {[%emt 0:00:11]} 51. Kf1 {[%emt 0:00:38]} f5 {[%emt 0:00:15]} 52. Kg2 {[%emt 0:00:08]} Ke4 {[%emt 0:00:35]} 53. b4 {[%emt 0:00:47]} Qxb4 {[%emt 0:00:26]} 54. Re3+ {[%emt 0:01:35]} Kf4 {[%emt 0:00:08]} 55. Rg3 {[%emt 0:00:15]} Kg5 {[%emt 0:01:02]} 56. Kh2 {[%emt 0:01:08]} Qe1 {[%emt 0:00:23]} 57. Rg2 {[%emt 0:01:19]} Kh4 {[%emt 0:00:37]} 58. f3 {[%emt 0:00:53]} g3+ {[%emt 0:00:16]} 0-1

[Event "2nd Mix Bassano 2021"]
[Site "Bassano del Grappa"]
[Date "2021.03.27"]
[Round "8.9"]
[White "Hapala, Elisabeth"]
[Black "Deuer, Marius"]
[Result "0-1"]
[WhiteElo "2116"]
[BlackElo "2231"]
[Annotator "NA"]
[PlyCount "120"]
[EventDate "2021.03.24"]
[EventType "swiss"]
[EventCountry "ITA"]
[SourceTitle "playchess.com"]
[Source "ChessBase"]
[SourceQuality "1"]
[TimeControl "5400+30"]

1. e4 {[%emt 0:00:00]} e5 {[%emt 0:00:00]} 2. Nf3 {[%emt 0:00:00]} Nc6 {[%emt 0:00:00]} 3. Bb5 {[%emt 0:00:00]} a6 {[%emt 0:00:00]} 4. Ba4 {[%emt 0:00:00]} Nf6 {[%emt 0:00:00]} 5. O-O {[%emt 0:00:00]} Be7 {[%emt 0:00:00]} 6. Re1 {[%emt 0:00:00]} b5 {[%emt 0:00:02]} 7. Bb3 {[%emt 0:00:00]} d6 {[%emt 0:00:06]} 8. c3 {[%emt 0:00:00]} O-O {[%emt 0:00:04]} 9. h3 {[%emt 0:00:02]} Nb8 {[%emt 0:00:05]} 10. d4 {[%emt 0:00:04]} Nbd7 {[%emt 0:00:03]} 11. Nbd2 {[%emt 0:00:06]} Bb7 {[%emt 0:00:12]} 12. Bc2 {[%emt 0:00:06]} Re8 {[%emt 0:00:03]} 13. Nf1 {[%emt 0:00:17]} Bf8 {[%emt 0:00:04]} 14. Ng3 {[%emt 0:00:14]} g6 {[%emt 0:00:07]} 15. a4 {[%emt 0:01:03]} c5 {[%emt 0:01:45]} 16. d5 {[%emt 0:00:40]} c4 {[%emt 0:00:16]} 17. Bg5 {[%emt 0:00:31]} Nc5 {[%emt 0:00:06]} 18. Nh2 {[%emt 0:11:40]} Be7 {[%emt 0:08:26]} 19. Be3 {[%emt 0:02:39]} Qc7 {[%emt 0:17:19]} 20. Qd2 {[%emt 0:13:48]} h5 {[%emt 0:05:33]} 21. Bg5 {[%emt 0:05:40]} Qd8 {[%emt 0:08:41]} 22. Nf3 {[%emt 0:05:32]} Nfd7 {[%emt 0:02:20]} 23. Be3 {[%emt 0:01:52]} Qc7 {[%emt 0:13:55]} 24. Rf1 {[%emt 0:02:52]} h4 {[%emt 0:10:06]} 25. Ne2 {[%emt 0:00:50]} bxa4 {[%emt 0:00:49]} 26. Ng5 {[%emt 0:13:24]} Nb3 {[%emt 0:04:19]} 27. Bxb3 {[%emt 0:00:06]} axb3 {[%emt 0:00:06]} 28. f3 {[%emt 0:14:39]} Nc5 {[%emt 0:10:51]} 29. Kh1 {[%emt 0:04:11]} Kg7 {[%emt 0:03:17]} 30. Qe1 {[%emt 0:08:29]} Rh8 {[%emt 0:01:51]} 31. Qd2 {[%emt 0:07:41]} Nd3 {[%emt 0:05:17]} 32. f4 {[%emt 0:01:14]} Bxg5 {[%emt 0:02:33]} 33. fxg5 {[%emt 0:00:01]} Nc5 {[%emt 0:00:20]} 34. Bxc5 {[%emt 0:00:24]} Qxc5 {[%emt 0:00:01]} 35. Ng1 {[%emt 0:01:14]} Rh5 {[%emt 0:01:36]} 36. Rf6 {[%emt 0:04:33]} a5 {[%emt 0:01:15]} 37. Raf1 {[%emt 0:01:54]} Rf8 {[%emt 0:00:15]} 38. Nf3 {[%emt 0:00:53]} Bc8 {[%emt 0:02:06]} 39. Ra1 {[%emt 0:00:46]} Bd7 {[%emt 0:00:11]} 40. Qe1 {[%emt 0:00:44]} a4 {[%emt 0:01:23]} 41. Nxh4 {[%emt 0:01:40]} Rxg5 {[%emt 0:01:17]} 42. Qf1 {[%emt 0:00:32]} Be8 {[%emt 0:02:19]} 43. Rf2 {[%emt 0:00:26]} Rh5 {[%emt 0:00:46]} 44. Nf3 {[%emt 0:00:18]} Bd7 {[%emt 0:01:21]} 45. Nd2 {[%emt 0:00:19]} Rhh8 {[%emt 0:00:51]} 46. Rf3 {[%emt 0:00:48]} Bb5 {[%emt 0:00:17]} 47. Qe2 {[%emt 0:00:30]} Ra8 {[%emt 0:00:24]} 48. Raf1 {[%emt 0:00:19]} Rhf8 {[%emt 0:00:16]} 49. Nb1 {[%emt 0:00:25]} Bd7 {[%emt 0:00:42]} 50. Na3 {[%emt 0:00:21]} f5 {[%emt 0:00:25]} 51. exf5 {[%emt 0:00:21]} Bxf5 {[%emt 0:00:09]} 52. Qxc4 {[%emt 0:01:09]} Qxc4 {[%emt 0:00:13]} 53. Nxc4 {[%emt 0:00:01]} Be4 {[%emt 0:00:01]} 54. Rxf8 {[%emt 0:01:03]} Rxf8 {[%emt 0:00:01]} 55. Ra1 {[%emt 0:00:34]} Bxd5 {[%emt 0:01:36]} 56. Nxd6 {[%emt 0:00:21]} Rf2 {[%emt 0:00:40]} 57. Kg1 {[%emt 0:00:18]} Rxg2+ {[%emt 0:00:47]} 58. Kf1 {[%emt 0:00:00]} Rxb2 {[%emt 0:00:37]} 59. Rxa4 {[%emt 0:00:08]} Rb1+ {[%emt 0:00:24]} 60. Ke2 {[%emt 0:01:22]} b2 {[%emt 0:00:05]} 0-1

[Event "2nd Mix Bassano 2021"]
[Site "Bassano del Grappa"]
[Date "2021.03.27"]
[Round "8.10"]
[White "Di Benedetto, Edoardo"]
[Black "Tomazini, Zan"]
[Result "1/2-1/2"]
[WhiteElo "2400"]
[BlackElo "2416"]
[Annotator "ChessBase"]
[PlyCount "64"]
[EventDate "2021.03.24"]
[EventType "swiss"]
[EventCountry "ITA"]
[SourceTitle "playchess.com"]
[Source "ChessBase"]
[SourceQuality "1"]
[TimeControl "5400+30"]

1. e4 {[%emt 0:00:00]} g6 {[%emt 0:05:31]} 2. d4 {[%emt 0:00:00]} Bg7 {[%emt 0:00:35]} 3. Nc3 {[%emt 0:00:00]} d6 {[%emt 0:00:22]} 4. Be3 {[%emt 0:00:00]} a6 {[%emt 0:00:18]} 5. Qd2 {[%emt 0:00:05]} b5 {[%emt 0:00:18]} 6. h4 {[%emt 0:00:16]} h5 {[%emt 0:00:11]} 7. f3 {[%emt 0:00:16]} Bb7 {[%emt 0:00:16]} 8. Nh3 {[%emt 0:00:19]} Nd7 {[%emt 0:00:46]} 9. Ng5 {[%emt 0:00:45]} Ngf6 {[%emt 0:00:57]} 10. O-O-O {[%emt 0:00:23]} e6 {[%emt 0:00:06]} 11. Bd3 {[%emt 0:07:51]} Qe7 {[%emt 0:01:03]} 12. Kb1 {[%emt 0:03:11]} c5 {[%emt 0:01:18]} 13. dxc5 {[%emt 0:26:21]} dxc5 {[%emt 1:24:49]} 14. e5 {[%emt 0:06:14]} Nxe5 {[%emt 0:00:00]} 15. Nce4 {[%emt 0:00:08]} Nxe4 {[%emt 0:00:00]} 16. Nxe4 {[%emt 0:00:18]} Bxe4 {[%emt 0:00:00]} 17. Bxe4 {[%emt 0:02:29]} Nc4 {[%emt 0:00:00]} 18. Bc6+ {[%emt 0:00:56]} Kf8 {[%emt 0:00:00]} 19. Qd7 {[%emt 0:17:22]} Nxe3 {[%emt 0:00:00]} 20. Bxa8 {[%emt 0:00:20]} Nxd1 {[%emt 0:00:00]} 21. Rxd1 {[%emt 0:03:32]} Be5 {[%emt 0:00:00]} 22. Bb7 {[%emt 0:13:46]} a5 {[%emt 0:00:00]} 23. Qxb5 {[%emt 0:10:11]} Kg7 {[%emt 0:00:00]} 24. a4 {[%emt 0:00:23]} Bd4 {[%emt 0:00:00]} 25. c3 {[%emt 0:00:10]} Bf2 {[%emt 0:00:00]} 26. Rd7 {[%emt 0:00:45]} Qxh4 {[%emt 0:00:00]} 27. Qxa5 {[%emt 0:01:34]} Rf8 {[%emt 0:00:00]} 28. Qb6 {[%emt 0:02:51]} Qxa4 {[%emt 0:00:00]} 29. Qxe6 {[%emt 0:00:03]} Kg8 {[%emt 0:03:44]} 30. Qe7 {[%emt 0:02:45]} Bd4 {[%emt 0:01:38]} 31. cxd4 {[%emt 0:01:00]} Qd1+ {[%emt 0:00:06]} 32. Ka2 {[%emt 0:00:00]} Qa4+ {[%emt 0:00:18]} 1/2-1/2

[Event "2nd Mix Bassano 2021"]
[Site "Bassano del Grappa"]
[Date "2021.03.28"]
[Round "9.1"]
[White "Peralta, Fernando"]
[Black "Checa, Nicolas"]
[Result "1/2-1/2"]
[WhiteElo "2561"]
[BlackElo "2546"]
[Annotator "ChessBase"]
[PlyCount "31"]
[EventDate "2021.03.24"]
[EventType "swiss"]
[EventCountry "ITA"]
[SourceTitle "playchess.com"]
[Source "ChessBase"]
[SourceQuality "1"]
[TimeControl "5400+30"]

1. d4 {[%emt 1:30:30]} d5 {[%emt 1:30:30]} 2. c4 {[%emt 0:00:30]} c6 {[%emt 0:00:30]} 3. Nf3 {[%emt 0:00:30]} Nf6 {[%emt 0:00:30]} 4. Nc3 {[%emt 0:00:30]} dxc4 {[%emt 0:00:30]} 5. a4 {[%emt 0:00:30]} e6 {[%emt 0:00:30]} 6. e3 {[%emt 0:00:30]} c5 {[%emt 0:00:30]} 7. Bxc4 {[%emt 0:00:30]} Nc6 {[%emt 0:00:30]} 8. O-O {[%emt 0:00:30]} Be7 {[%emt 0:00:30]} 9. Qe2 {[%emt 0:00:30]} cxd4 {[%emt 0:00:30]} 10. Rd1 {[%emt 0:00:30]} O-O {[%emt 0:00:30]} 11. exd4 {[%emt 0:00:30]} Nb4 {[%emt 0:00:30]} 12. Ne5 {[%emt 0:00:30]} Bd7 {[%emt 0:00:30]} 13. Bg5 {[%emt 0:00:30]} Bc6 {[%emt 0:00:30]} 14. a5 {[%emt 0:00:30]} h6 {[%emt 0:00:30]} 15. Bh4 {[%emt 0:00:30]} Bd5 {[%emt 0:00:30]} 16. Bxf6 {[%emt 0:00:30]} 1/2-1/2

[Event "2nd Mix Bassano 2021"]
[Site "Bassano del Grappa"]
[Date "2021.03.28"]
[Round "9.3"]
[White "Bernadskiy, Vitaliy"]
[Black "Formento, Paolo"]
[Result "1-0"]
[WhiteElo "2599"]
[BlackElo "2329"]
[Annotator "ChessBase"]
[PlyCount "59"]
[EventDate "2021.03.24"]
[EventType "swiss"]
[EventCountry "ITA"]
[SourceTitle "playchess.com"]
[Source "ChessBase"]
[SourceQuality "1"]
[TimeControl "5400+30"]

1. e4 {[%emt 0:02:18]} d5 {[%emt 0:00:17]} 2. exd5 {[%emt 0:00:30]} Qxd5 {[%emt 0:00:30]} 3. Nc3 {[%emt 0:00:30]} Qd8 {[%emt 0:15:51]} 4. Nb1 {[%emt 1:28:42]} Qd5 {[%emt 0:00:35]} 5. Nc3 {[%emt 0:00:00]} Qa5 {[%emt 0:00:04]} 6. d4 {[%emt 0:00:00]} Nf6 {[%emt 0:00:05]} 7. Nf3 {[%emt 0:00:00]} Bf5 {[%emt 0:00:05]} 8. Bc4 {[%emt 0:00:00]} e6 {[%emt 0:00:05]} 9. Bd2 {[%emt 0:00:00]} c6 {[%emt 0:00:15]} 10. O-O {[%emt 0:00:00]} Nbd7 {[%emt 0:01:52]} 11. Re1 {[%emt 0:00:00]} Qc7 {[%emt 0:02:46]} 12. Nh4 {[%emt 0:00:00]} Bg4 {[%emt 0:09:01]} 13. Qc1 {[%emt 0:00:00]} O-O-O {[%emt 0:05:07]} 14. Bf1 {[%emt 0:00:00]} Bh5 {[%emt 0:05:17]} 15. a4 {[%emt 0:00:00]} h6 {[%emt 0:03:17]} 16. g3 {[%emt 0:00:00]} g5 {[%emt 0:00:17]} 17. Ng2 {[%emt 0:00:00]} e5 {[%emt 0:06:03]} 18. Be3 {[%emt 0:00:00]} Bb4 {[%emt 0:02:08]} 19. d5 {[%emt 0:00:00]} Nxd5 {[%emt 0:25:01]} 20. Bxa7 {[%emt 0:00:00]} Nxc3 {[%emt 0:02:01]} 21. bxc3 {[%emt 0:00:00]} Bxc3 {[%emt 0:00:05]} 22. a5 {[%emt 0:00:00]} Bxa5 {[%emt 0:01:48]} 23. Ne3 {[%emt 0:00:00]} Bxe1 {[%emt 0:03:04]} 24. Qxe1 {[%emt 0:00:00]} e4 {[%emt 0:08:19]} 25. Qb4 {[%emt 0:00:00]} c5 {[%emt 0:02:19]} 26. Qb3 {[%emt 0:00:00]} Qe5 {[%emt 0:02:35]} 27. Rb1 {[%emt 0:00:00]} b6 {[%emt 0:01:40]} 28. Nd5 {[%emt 0:00:00]} Nf6 {[%emt 0:01:06]} 29. Nxb6+ {[%emt 0:00:00]} Kc7 {[%emt 0:00:14]} 30. Nc4 {[%emt 0:00:00]} 1-0

[Event "2nd Mix Bassano 2021"]
[Site "Bassano del Grappa"]
[Date "2021.03.28"]
[Round "9.4"]
[White "Bjerre, Jonas Buhl"]
[Black "Bellahcene, Bilel"]
[Result "1-0"]
[WhiteElo "2549"]
[BlackElo "2517"]
[Annotator "ChessBase"]
[PlyCount "83"]
[EventDate "2021.03.24"]
[EventType "swiss"]
[EventCountry "ITA"]
[SourceTitle "playchess.com"]
[Source "ChessBase"]
[SourceQuality "1"]
[TimeControl "5400+30"]

1. d4 {[%emt 0:04:22]} Nf6 {[%emt 0:01:12]} 2. c4 {[%emt 0:01:49]} e6 {[%emt 0:00:03]} 3. Nf3 {[%emt 0:00:03]} d5 {[%emt 0:00:03]} 4. g3 {[%emt 0:00:05]} dxc4 {[%emt 0:00:03]} 5. Bg2 {[%emt 0:00:06]} Bb4+ {[%emt 0:00:04]} 6. Bd2 {[%emt 0:00:59]} c5 {[%emt 1:31:35]} 7. Bxb4 {[%emt 0:03:22]} cxb4 {[%emt 0:00:00]} 8. Ne5 {[%emt 0:00:24]} O-O {[%emt 0:00:00]} 9. a3 {[%emt 1:23:20]} Nc6 {[%emt 0:00:00]} 10. Bxc6 {[%emt 0:00:00]} bxc6 {[%emt 0:00:00]} 11. axb4 {[%emt 0:00:00]} Bb7 {[%emt 0:00:00]} 12. O-O {[%emt 0:00:00]} Nd5 {[%emt 0:00:00]} 13. Qd2 {[%emt 0:00:00]} Qe7 {[%emt 0:00:00]} 14. Rc1 {[%emt 0:00:00]} f6 {[%emt 0:00:00]} 15. Nxc4 {[%emt 0:00:00]} Nxb4 {[%emt 0:04:30]} 16. Na5 {[%emt 0:00:00]} Rab8 {[%emt 0:00:30]} 17. Rc5 {[%emt 0:00:00]} Ba8 {[%emt 0:00:30]} 18. Ra4 {[%emt 0:04:30]} Na6 {[%emt 0:00:00]} 19. Nxc6 {[%emt 0:00:00]} Qb7 {[%emt 0:00:00]} 20. Rc2 {[%emt 0:00:00]} Rbc8 {[%emt 0:01:30]} 21. Rxa6 {[%emt 0:00:00]} Qxa6 {[%emt 0:00:00]} 22. Ne7+ {[%emt 0:00:00]} Kf7 {[%emt 0:00:00]} 23. Rxc8 {[%emt 0:00:00]} Rxc8 {[%emt 0:00:00]} 24. Nxc8 {[%emt 0:00:00]} Qxc8 {[%emt 0:00:00]} 25. f3 {[%emt 0:03:30]} h5 {[%emt 0:02:30]} 26. Kf2 {[%emt 0:00:00]} Qc7 {[%emt 0:00:30]} 27. Qc3 {[%emt 0:01:00]} Qb6 {[%emt 0:00:30]} 28. Qc5 {[%emt 0:00:30]} e5 {[%emt 0:00:30]} 29. Qxb6 {[%emt 0:00:00]} axb6 {[%emt 0:00:00]} 30. dxe5 {[%emt 0:00:00]} fxe5 {[%emt 0:00:00]} 31. h4 {[%emt 0:00:00]} Ke6 {[%emt 0:00:00]} 32. Nc3 {[%emt 0:00:00]} Kd6 {[%emt 0:00:00]} 33. b4 {[%emt 0:00:00]} Bc6 {[%emt 0:00:00]} 34. Ke3 {[%emt 0:00:00]} Ke6 {[%emt 0:00:00]} 35. Kd3 {[%emt 0:00:00]} Kd6 {[%emt 0:00:00]} 36. Kc4 {[%emt 0:00:00]} Bd7 {[%emt 0:00:00]} 37. e4 {[%emt 0:00:00]} Be8 {[%emt 0:00:00]} 38. Nb1 {[%emt 0:00:00]} Kc6 {[%emt 0:00:00]} 39. Kc3 {[%emt 0:00:00]} Kd6 {[%emt 0:00:00]} 40. Nd2 {[%emt 0:00:00]} Ke6 {[%emt 0:00:00]} 41. f4 {[%emt 0:00:23]} Bc6 {[%emt 0:00:00]} 42. Kd3 {[%emt 0:06:37]} 1-0

[Event "2nd Mix Bassano 2021"]
[Site "Bassano del Grappa"]
[Date "2021.03.28"]
[Round "9.5"]
[White "Schreiner, Peter"]
[Black "Diermair, Andreas"]
[Result "1/2-1/2"]
[WhiteElo "2445"]
[BlackElo "2487"]
[Annotator "ChessBase"]
[PlyCount "21"]
[EventDate "2021.03.24"]
[EventType "swiss"]
[EventCountry "ITA"]
[SourceTitle "playchess.com"]
[Source "ChessBase"]
[SourceQuality "1"]
[TimeControl "5400+30"]

1. e4 {[%emt 0:00:04]} c6 {[%emt 0:00:00]} 2. d4 {[%emt 0:00:05]} d5 {[%emt 0:00:00]} 3. Nd2 {[%emt 0:00:47]} dxe4 {[%emt 0:00:02]} 4. Nxe4 {[%emt 0:00:06]} Bf5 {[%emt 0:00:15]} 5. Ng3 {[%emt 0:00:05]} Bg6 {[%emt 0:00:03]} 6. h4 {[%emt 0:00:31]} h6 {[%emt 0:00:06]} 7. Nf3 {[%emt 0:00:12]} Nd7 {[%emt 0:00:19]} 8. h5 {[%emt 0:00:54]} Bh7 {[%emt 0:00:05]} 9. Bd3 {[%emt 0:00:04]} Bxd3 {[%emt 0:00:08]} 10. Qxd3 {[%emt 0:00:04]} e6 {[%emt 0:00:07]} 11. Bd2 {[%emt 0:00:08]} 1/2-1/2

[Event "2nd Mix Bassano 2021"]
[Site "Bassano del Grappa"]
[Date "2021.03.28"]
[Round "9.6"]
[White "Shetty, Atulya"]
[Black "Deuer, Marius"]
[Result "1/2-1/2"]
[WhiteElo "2447"]
[BlackElo "2231"]
[Annotator "ChessBase"]
[PlyCount "83"]
[EventDate "2021.03.24"]
[EventType "swiss"]
[EventCountry "ITA"]
[SourceTitle "playchess.com"]
[Source "ChessBase"]
[SourceQuality "1"]
[TimeControl "5400+30"]

1. c4 {[%emt 0:04:40]} c5 {[%emt 0:00:00]} 2. g3 {[%emt 0:00:09]} Nf6 {[%emt 0:00:00]} 3. Bg2 {[%emt 0:00:09]} d5 {[%emt 0:00:00]} 4. cxd5 {[%emt 0:00:12]} Nxd5 {[%emt 0:00:00]} 5. Nc3 {[%emt 0:00:56]} Nc7 {[%emt 0:00:00]} 6. Nf3 {[%emt 0:00:24]} Nc6 {[%emt 0:00:07]} 7. O-O {[%emt 0:00:42]} e5 {[%emt 0:00:05]} 8. a3 {[%emt 0:00:37]} Rb8 {[%emt 0:00:39]} 9. Rb1 {[%emt 0:01:57]} f6 {[%emt 0:00:30]} 10. d3 {[%emt 0:01:35]} Be7 {[%emt 0:01:08]} 11. Be3 {[%emt 0:01:19]} Be6 {[%emt 0:00:19]} 12. Nd2 {[%emt 0:02:40]} Qd7 {[%emt 0:01:52]} 13. b4 {[%emt 0:02:22]} cxb4 {[%emt 0:13:01]} 14. axb4 {[%emt 0:00:21]} Nd4 {[%emt 0:00:43]} 15. f4 {[%emt 0:20:58]} exf4 {[%emt 0:20:32]} 16. gxf4 {[%emt 0:09:51]} O-O {[%emt 0:02:52]} 17. Nf3 {[%emt 0:11:02]} Ncb5 {[%emt 0:09:10]} 18. Nxb5 {[%emt 0:02:25]} Nxb5 {[%emt 0:07:24]} 19. Qd2 {[%emt 0:01:00]} Rbc8 {[%emt 0:01:27]} 20. Qb2 {[%emt 0:03:56]} Rfd8 {[%emt 0:03:15]} 21. Rfe1 {[%emt 0:07:41]} b6 {[%emt 0:05:48]} 22. Bd2 {[%emt 0:07:49]} Bg4 {[%emt 0:05:27]} 23. Qb3+ {[%emt 0:07:52]} Kh8 {[%emt 0:01:14]} 24. Qa4 {[%emt 0:00:31]} Qf5 {[%emt 0:08:02]} 25. Kh1 {[%emt 0:04:05]} Bxf3 {[%emt 0:09:36]} 26. Bxf3 {[%emt 0:00:08]} Nd4 {[%emt 0:02:34]} 27. Be4 {[%emt 0:01:03]} Qh5 {[%emt 0:01:24]} 28. Qxa7 {[%emt 0:01:49]} Re8 {[%emt 0:02:31]} 29. Qxb6 {[%emt 0:01:06]} Nxe2 {[%emt 0:02:03]} 30. Qa5 {[%emt 0:02:27]} Bc5 {[%emt 0:01:05]} 31. Bb7 {[%emt 0:02:03]} Ng3+ {[%emt 0:02:04]} 32. Kg2 {[%emt 0:00:01]} Ne4 {[%emt 0:00:32]} 33. Bxe4 {[%emt 0:01:37]} Rxe4 {[%emt 0:00:29]} 34. bxc5 {[%emt 0:00:52]} Qg4+ {[%emt 0:00:35]} 35. Kf2 {[%emt 0:00:17]} Rd4 {[%emt 0:00:28]} 36. Rg1 {[%emt 0:00:47]} Qh3 {[%emt 0:00:26]} 37. Be3 {[%emt 0:00:30]} Rxd3 {[%emt 0:00:19]} 38. Qe1 {[%emt 0:00:29]} Re8 {[%emt 0:00:24]} 39. Rg3 {[%emt 0:00:34]} Qxh2+ {[%emt 0:00:35]} 40. Rg2 {[%emt 0:00:13]} Qh4+ {[%emt 0:00:20]} 41. Kf1 {[%emt 0:00:09]} Qh1+ {[%emt 0:00:53]} 42. Kf2 {[%emt 0:00:06]} 1/2-1/2

[Event "2nd Mix Bassano 2021"]
[Site "Bassano del Grappa"]
[Date "2021.03.28"]
[Round "9.7"]
[White "Niemann, Hans Moke"]
[Black "Di Benedetto, Edoardo"]
[Result "0-1"]
[WhiteElo "2526"]
[BlackElo "2400"]
[Annotator "ChessBase"]
[PlyCount "117"]
[EventDate "2021.03.24"]
[EventType "swiss"]
[EventCountry "ITA"]
[SourceTitle "playchess.com"]
[Source "ChessBase"]
[SourceQuality "1"]
[TimeControl "5400+30"]

1. d4 {[%emt 0:14:47]} Nf6 {[%emt 0:00:00]} 2. Nc3 {[%emt 0:00:36]} d5 {[%emt 0:02:56]} 3. Bf4 {[%emt 0:00:07]} c6 {[%emt 0:01:47]} 4. e3 {[%emt 0:00:09]} Bf5 {[%emt 0:02:38]} 5. f3 {[%emt 0:00:06]} e6 {[%emt 0:00:16]} 6. g4 {[%emt 0:00:05]} Bg6 {[%emt 0:00:04]} 7. h4 {[%emt 0:00:04]} h6 {[%emt 0:00:55]} 8. Bd3 {[%emt 0:00:15]} Bxd3 {[%emt 0:00:17]} 9. Qxd3 {[%emt 0:00:05]} Bd6 {[%emt 0:00:40]} 10. Nge2 {[%emt 0:00:02]} Bxf4 {[%emt 0:01:40]} 11. exf4 {[%emt 0:00:06]} Nbd7 {[%emt 0:00:34]} 12. O-O-O {[%emt 0:00:11]} Qc7 {[%emt 0:00:56]} 13. h5 {[%emt 0:02:24]} O-O-O {[%emt 0:00:24]} 14. Kb1 {[%emt 0:00:03]} Ne8 {[%emt 0:01:48]} 15. f5 {[%emt 0:02:08]} e5 {[%emt 0:01:50]} 16. Rhe1 {[%emt 0:04:33]} Nef6 {[%emt 0:01:34]} 17. f4 {[%emt 0:02:23]} exd4 {[%emt 0:02:33]} 18. Qxd4 {[%emt 0:00:08]} Qb6 {[%emt 0:01:20]} 19. Rg1 {[%emt 0:01:59]} Qxd4 {[%emt 0:06:08]} 20. Nxd4 {[%emt 0:00:06]} Rde8 {[%emt 0:00:13]} 21. Rdf1 {[%emt 0:02:45]} Ne4 {[%emt 0:10:36]} 22. Kc1 {[%emt 0:00:04]} Nxc3 {[%emt 0:01:39]} 23. bxc3 {[%emt 0:00:17]} Nf6 {[%emt 0:00:28]} 24. g5 {[%emt 0:00:17]} hxg5 {[%emt 0:14:18]} 25. fxg5 {[%emt 0:00:03]} Nxh5 {[%emt 0:00:12]} 26. g6 {[%emt 0:00:08]} Ref8 {[%emt 0:05:09]} 27. Re1 {[%emt 0:01:15]} Kd7 {[%emt 0:02:55]} 28. Nf3 {[%emt 0:00:06]} f6 {[%emt 0:06:39]} 29. Rg4 {[%emt 0:00:05]} c5 {[%emt 0:04:45]} 30. Rh1 {[%emt 0:01:07]} Rh6 {[%emt 0:00:17]} 31. Rh3 {[%emt 0:00:08]} Rfh8 {[%emt 0:05:50]} 32. Kd2 {[%emt 0:00:09]} Kd6 {[%emt 0:00:32]} 33. c4 {[%emt 0:01:25]} dxc4 {[%emt 0:03:22]} 34. Rxc4 {[%emt 0:00:09]} Kd5 {[%emt 0:00:06]} 35. Rg4 {[%emt 0:00:13]} b5 {[%emt 0:00:06]} 36. Rgh4 {[%emt 0:04:21]} a5 {[%emt 0:02:47]} 37. a4 {[%emt 0:02:23]} b4 {[%emt 0:00:48]} 38. Rg4 {[%emt 0:00:39]} Re8 {[%emt 0:01:05]} 39. Rhh4 {[%emt 0:00:15]} Kc6 {[%emt 0:01:58]} 40. Rh2 {[%emt 0:02:23]} Rd8+ {[%emt 0:00:55]} 41. Ke3 {[%emt 0:00:08]} Rd5 {[%emt 0:00:19]} 42. Nh4 {[%emt 0:00:03]} Rh8 {[%emt 0:01:33]} 43. Kf3 {[%emt 0:00:05]} Re8 {[%emt 0:00:24]} 44. Rc4 {[%emt 0:00:05]} Rde5 {[%emt 0:06:19]} 45. Rf2 {[%emt 0:00:36]} Re3+ {[%emt 0:00:25]} 46. Kg2 {[%emt 0:00:02]} Rg3+ {[%emt 0:03:07]} 47. Kh2 {[%emt 0:00:15]} Ree3 {[%emt 0:03:31]} 48. Ng2 {[%emt 0:00:12]} Rh3+ {[%emt 0:00:18]} 49. Kg1 {[%emt 0:00:02]} Ra3 {[%emt 0:01:28]} 50. Rd2 {[%emt 0:00:20]} Ra1+ {[%emt 0:01:27]} 51. Kf2 {[%emt 0:00:01]} Ng3 {[%emt 0:00:44]} 52. Nf4 {[%emt 0:00:02]} Rh2+ {[%emt 0:00:06]} 53. Kxg3 {[%emt 0:00:01]} Rxd2 {[%emt 0:00:08]} 54. Ne6 {[%emt 0:00:01]} Ra3+ {[%emt 0:00:46]} 55. Kf4 {[%emt 0:00:20]} Rf2+ {[%emt 0:00:29]} 56. Kg4 {[%emt 0:00:10]} Rc3 {[%emt 0:00:29]} 57. Re4 {[%emt 0:00:01]} Rg2+ {[%emt 0:00:19]} 58. Kf4 {[%emt 0:00:17]} Rcxc2 {[%emt 0:00:32]} 59. Re1 {[%emt 0:00:41]} 0-1